<?xml version="1.0" encoding="UTF-8"?>
<record
    xmlns:xsi="http://www.w3.org/2001/XMLSchema-instance"
    xsi:schemaLocation="http://www.loc.gov/MARC21/slim http://www.loc.gov/standards/marcxml/schema/MARC21slim.xsd"
    xmlns="http://www.loc.gov/MARC21/slim">

  <leader>00617cam a2200205 i 4500</leader>
  <datafield tag="999" ind1=" " ind2=" ">
    <subfield code="c">110588</subfield>
    <subfield code="d">110588</subfield>
  </datafield>
  <controlfield tag="001">19750610</controlfield>
  <controlfield tag="005">20190131113740.0</controlfield>
  <controlfield tag="008">170621t20172017enk      b    001 0 eng d</controlfield>
  <datafield tag="020" ind1=" " ind2=" ">
    <subfield code="a">9781849047029</subfield>
  </datafield>
  <datafield tag="040" ind1=" " ind2=" ">
    <subfield code="c">PK-LaUMT</subfield>
  </datafield>
  <datafield tag="082" ind1="0" ind2="4">
    <subfield code="a">320.9560951</subfield>
    <subfield code="2">23</subfield>
    <subfield code="b">SEC-</subfield>
  </datafield>
  <datafield tag="245" ind1="0" ind2="0">
    <subfield code="a">Sectarianization :</subfield>
    <subfield code="b">mapping the new politics of the Middle East /</subfield>
    <subfield code="c">edited by Nader Hashemi, and Danny Postel</subfield>
  </datafield>
  <datafield tag="260" ind1=" " ind2=" ">
    <subfield code="a">London :</subfield>
    <subfield code="b">Hurst &amp; Company,</subfield>
    <subfield code="c">2017</subfield>
  </datafield>
  <datafield tag="300" ind1=" " ind2=" ">
    <subfield code="a">xii, 384 p. ;</subfield>
    <subfield code="c">22 cm</subfield>
  </datafield>
  <datafield tag="505" ind1="0" ind2="0">
    <subfield code="g">part 1.</subfield>
    <subfield code="g">part 2.</subfield>
  </datafield>
  <datafield tag="700" ind1="1" ind2=" ">
    <subfield code="a">Hashemi, Nader,</subfield>
  </datafield>
  <datafield tag="700" ind1="1" ind2=" ">
    <subfield code="a">Postel, Danny,</subfield>
  </datafield>
  <datafield tag="710" ind1="2" ind2=" ">
    <subfield code="a">University of Denver.</subfield>
  </datafield>
  <datafield tag="942" ind1=" " ind2=" ">
    <subfield code="c">BK</subfield>
  </datafield>
  <datafield tag="952" ind1=" " ind2=" ">
    <subfield code="0">0</subfield>
    <subfield code="1">0</subfield>
    <subfield code="4">0</subfield>
    <subfield code="7">0</subfield>
    <subfield code="a">01</subfield>
    <subfield code="b">01</subfield>
    <subfield code="d">2019-01-31</subfield>
    <subfield code="l">8</subfield>
    <subfield code="o">320.9560951 SEC-</subfield>
    <subfield code="p">128069</subfield>
    <subfield code="r">2022-06-23 00:00:00</subfield>
    <subfield code="s">2022-06-09</subfield>
    <subfield code="w">2019-01-31</subfield>
    <subfield code="y">BK</subfield>
  </datafield>
</record>
